002980000a220007300045001000024000002450134000243000052001587730014002101 aHernandez, Germán10aOlor de santidad : Comienza el proceso para beatificar al fraile franciscano Rafael Almanza, fallecido en Bogotá hace 67 años aVol. 53, Num. 53 (Junio, 1994), Páginas 54-550 tCambio 16